| 000 | 00423nam a2200133Ia 4500 | ||
|---|---|---|---|
| 008 | 250506s9999 xx 000 0 und d | ||
| 024 | _a15B-014-BS, 15B-052-BS, 15B-027-BS & 15B-016-BS | ||
| 082 | _a005.1072 MAH | ||
| 100 | _aMaham Shakeel, Anosha Aslam, Sidra Ahmed & Mishal Saima | ||
| 245 | 0 | _aNUTRITECH | |
| 260 |
_aKarachi: _bUIT, _c2015 |
||
| 600 | _aComputer Science | ||
| 650 | _aBachelor of Computer Science (BS) | ||
| 999 |
_c28679 _d28679 |
||